000 01232nam a2200205Ia 4500
003 Ost
005 20260507075119.0
008 260507s9999||||xx |||||||||||||| ||und||
040 _cfsecg
041 _aara
082 _a338.642
100 _aالنجار، فريد راغب
_eمؤلف
245 0 _aإدارة المشروعات والأعمال صغير الحجم :
_bدليل رجال الأعمال والمهن الحرة والإستثمارات الخاصة والمشروعات الصغيرة والمتوسطة /
_c فريد راغب النجار
260 _aالإسكندرية:
_bمؤسسة شباب الجامعة,
_c1999
300 _a229 صفحة؛
_bإيضاحات ؛
_c25 سم
520 _aدور المشروعات الصغيرة في التنمية الإقتصادية العربية- تمويل الأعمال الصغيرة- المصادر الخارجية لمعلومات المشروع الصغير- البيع الآجل وقانوني- توظيف وإدارة العاملين بالمشروعات الصغيرة- إدارة المشروعات المشتركة الجديدة
653 _aالتنمية الإقتصادية
653 _aالمشروعات الصغيرة
942 _cكتاب
999 _c43050
_d43050